[Event "1900+ Master norm, 30+1"]
[Site "SchemingMind.com"]
[Date "2009.12.21"]
[Round "-"]
[White "Darko"]
[Black "baron1"]
[Result "0-1"]
[WhiteCountry "ROU"]
[BlackCountry "ENG"]
[WhiteElo "2053"]
[WhiteRD "70"]
[BlackElo "2425"]
[BlackRD "99"]
[GameID "231869"]

1. e4 c6 2. d4 d5 3. exd5 cxd5 4. c4 Nf6 5. Nc3 Nc6 6. Nf3 Bg4 7. cxd5 Nxd5 8. Qb3 Bxf3 9. gxf3 Nb6 10. d5 Nd4
11. Qd1 e5 12. dxe6 fxe6 13. Bb5+ Nxb5 14. Qxd8+ Rxd8 15. Nxb5 a6 16. Nc3 Bb4 17. O-O O-O 18. f4 Bxc3 19. bxc3 Nd5 20. Re1 Nxc3
21. Rxe6 Rd1+ 22. Kg2 Nd5 23. Re4 Nxf4+
0-1

[Event "1900+ Master norm, 30+1"]
[Site "SchemingMind.com"]
[Date "2009.12.21"]
[Round "-"]
[White "baron1"]
[Black "Darko"]
[Result "1-0"]
[WhiteCountry "ENG"]
[BlackCountry "ROU"]
[WhiteElo "2425"]
[WhiteRD "99"]
[BlackElo "2053"]
[BlackRD "70"]
[GameID "231870"]

1. c4 c5 2. Nf3 Nc6 3. d4 cxd4 4. Nxd4 Nf6 5. Nc3 e5 6. Ndb5 Bb4 7. a3 Bxc3+ 8. Nxc3 O-O 9. g3 d6 10. Bg2 Bf5
11. Bg5 h6 12. Bxf6 Qxf6 13. O-O Rfd8 14. b3 Rab8 15. Ra2 Qg6 16. Rd2 Nd4 17. e3 Bc2 18. Qc1 Nxb3 19. Qxc2 Nxd2 20. Qxd2 Rdc8
21. Be4 f5 22. Bd5+ Kh8 23. Rb1 b6 24. Nb5 a6 25. Na7 f4 26. Qd1 fxg3 27. hxg3 Rc7 28. Nc6 Rbb7 29. Nb4 Ra7 30. a4 h5
31. Qd3 Qg4 32. Nc6 Rab7 33. Nd8 Ra7 34. Rxb6
1-0

[Event "1900+ Master norm, 30+1"]
[Site "SchemingMind.com"]
[Date "2010.01.07"]
[Round "-"]
[White "Mitchell-in"]
[Black "Darko"]
[Result "0-1"]
[WhiteCountry "ENG"]
[BlackCountry "ROU"]
[WhiteElo "1790"]
[WhiteRD "63"]
[BlackElo "2087"]
[BlackRD "75"]
[GameID "233311"]

1. c4 Nf6 2. Nc3 e5 3. g3 Bb4 4. Bg2 O-O 5. e4 Bxc3 6. bxc3 c6 7. d4 exd4 8. cxd4 Nxe4 9. Bxe4 Re8 10. Ne2 Rxe4
11. O-O d6 12. Qd3 Re8 13. Ba3 Qf6 14. Nf4 Bf5 15. Qd2 Nd7
0-1

[Event "1900+ Master norm, 30+1"]
[Site "SchemingMind.com"]
[Date "2010.01.03"]
[Round "-"]
[White "Mitchell-in"]
[Black "baron1"]
[Result "0-1"]
[WhiteCountry "ENG"]
[BlackCountry "ENG"]
[WhiteElo "1840"]
[WhiteRD "63"]
[BlackElo "2439"]
[BlackRD "93"]
[GameID "233312"]

1. e4 c6 2. d4 d5 3. exd5 cxd5 4. c4 Nf6 5. Nc3 Nc6 6. Bg5 e6 7. Nf3 Be7 8. Bd3 dxc4 9. Bxc4 O-O 10. O-O h6
11. Be3 a6 12. a3 b5 13. Ba2 b4 14. axb4 Nxb4 15. Bc4 Ng4 16. h3 Nxe3 17. fxe3 Bb7 18. Ne5 Bf6 19. Nd3 Qc7 20. Nc5 Be7
21. Nxb7 Qxc4 22. Qf3 Rab8 23. Na5 Qc7 24. e4 Nc2 25. Ra2 Nxd4 26. Qd3 Bb4 27. Nc4 Rfd8 28. b3 Bc5 29. Kh1 Nf5 30. Qf3 Ng3+
0-1

[Event "1900+ Master norm, 30+1"]
[Site "SchemingMind.com"]
[Date "2010.01.07"]
[Round "-"]
[White "Darko"]
[Black "Mitchell-in"]
[Result "1-0"]
[WhiteCountry "ROU"]
[BlackCountry "ENG"]
[WhiteElo "2087"]
[WhiteRD "75"]
[BlackElo "1790"]
[BlackRD "63"]
[GameID "233314"]

1. d4 d5 2. c4 e6 3. Nc3 Nf6 4. Nf3 Nbd7 5. Bg5 c6 6. e3 Qa5 7. cxd5 exd5 8. Bd3 Ne4 9. O-O Nxg5 10. Nxg5 Nf6
11. Qc2 h6 12. Nf3 Bd6 13. Rae1 O-O 14. Ne5 Re8 15. f4
1-0

[Event "1900+ Master norm, 30+1"]
[Site "SchemingMind.com"]
[Date "2010.01.03"]
[Round "-"]
[White "baron1"]
[Black "Mitchell-in"]
[Result "1-0"]
[WhiteCountry "ENG"]
[BlackCountry "ENG"]
[WhiteElo "2439"]
[WhiteRD "93"]
[BlackElo "1840"]
[BlackRD "63"]
[GameID "233315"]

1. c4 Nf6 2. Nc3 e6 3. d4 d5 4. cxd5 exd5 5. Bg5 Nbd7 6. Nf3 c6 7. e3 Be7 8. Qc2 O-O 9. Bd3 Re8 10. h3 Nf8
11. Bf4 Bd6 12. Bxd6 Qxd6 13. O-O Ng6 14. Rab1 a6 15. Rfe1 Qe7 16. Ng5 Bd7 17. Rbc1 Qd6= 18. Na4 Rad8 19. Nc5 Bc8 20. b4 Nd7
21. Nf3 Nxc5 22. bxc5 Qf6 23. Kh2 Nh4 24. Bxh7+ Kh8 25. Nxh4 Qxh4 26. Bf5 Bxf5 27. Qxf5 Kg8 28. Rb1 Re7 29. g3 Qh6 30. h4 Rde8
31. Rb6 g6 32. Qb1 g5 33. h5 Qxh5+ 34. Kg2 g4 35. Rh1
1-0

[Event "1900+ Master norm, 30+1"]
[Site "SchemingMind.com"]
[Date "2010.01.08"]
[Round "-"]
[White "Professor"]
[Black "Mitchell-in"]
[Result "1-0"]
[WhiteCountry "USA"]
[BlackCountry "ENG"]
[WhiteElo "2244"]
[WhiteRD "128"]
[BlackElo "1790"]
[BlackRD "63"]
[GameID "234025"]

1. d4 d5 2. c4 c6 3. Nf3 Nf6 4. Nc3 e6 5. Bg5 dxc4 6. e4 b5 7. e5 h6 8. Bh4 g5 9. Nxg5 hxg5 10. Bxg5 Nbd7
11. exf6 Bb7 12. g3 Qb6 13. Bg2 O-O-O 14. O-O c5 15. d5 b4 16. Na4 Qb5 17. a3 b3 18. Nc3 Qa6 19. Qe2 exd5 20. Bxd5 Bxd5
21. Nxd5 Bd6 22. Ne7+ Kb8 23. Rfd1 Be5 24. Rxd7 Rxd7 25. Qxe5+
1-0

[Event "1900+ Master norm, 30+1"]
[Site "SchemingMind.com"]
[Date "2010.01.08"]
[Round "-"]
[White "Professor"]
[Black "Darko"]
[Result "1-0"]
[WhiteCountry "USA"]
[BlackCountry "ROU"]
[WhiteElo "2288"]
[WhiteRD "120"]
[BlackElo "2076"]
[BlackRD "71"]
[GameID "234026"]

1. d4 Nf6 2. Bg5 Ne4 3. Bf4 c5 4. f3 Qa5+ 5. c3 Nf6 6. Nd2 cxd4 7. Nb3 Qb6 8. Qxd4 Nc6 9. Qxb6 axb6 10. Nd4 e5
11. Nxc6 exf4 12. Nd4 Nd5 13. g3 Ne3 14. gxf4 Bc5 15. Kd2 Nxf1+ 16. Rxf1 Rxa2 17. Kc2 d5 18. e4 Bd7 19. Nge2 Ke7 20. Ra1 Rha8
21. Rxa2 Rxa2 22. Kb1 Ra8 23. b4 Bxd4 24. Nxd4 dxe4 25. fxe4 f6 26. Re1 Kf7 27. h4 Re8 28. Kc2 Ra8 29. e5 fxe5 30. fxe5 Be6
31. Kd3 Ra2 32. Rf1+ Ke7 33. Rg1 g6 34. h5 Bf7 35. e6 Be8 36. hxg6 Bxg6+ 37. Kc4 Kd6 38. Rg5 Be4 39. Rg4 Bd5+ 40. Kb5
1-0

[Event "1900+ Master norm, 30+1"]
[Site "SchemingMind.com"]
[Date "2010.01.08"]
[Round "-"]
[White "Professor"]
[Black "baron1"]
[Result "0-1"]
[WhiteCountry "USA"]
[BlackCountry "ENG"]
[WhiteElo "2249"]
[WhiteRD "105"]
[BlackElo "2455"]
[BlackRD "91"]
[GameID "234027"]

1. d4 d5 2. c4 c6 3. Nf3 Nf6 4. Nc3 e6 5. Bg5 h6 6. Bxf6 Qxf6 7. e3 Nd7 8. Bd3 dxc4 9. Bxc4 g6 10. O-O Bg7
11. Qc2 O-O 12. Rad1 b6 13. e4 Bb7 14. Rfe1 Qe7 15. a3 c5 16. d5 Ne5 17. Nxe5 Bxe5 18. Re2 Rad8 19. Red2 Kg7 20. g3 a6
21. a4 Bd4 22. Qb3 exd5 23. Bxd5 Bxd5 24. exd5 Qb7 25. Ne2 Bf6 26. Qc4 Rfe8 27. a5 bxa5 28. Qxc5 Qb3 29. Nc1 Qb5 30. Qa3 Re5
31. Qf3 a4 32. Ne2 Rde8 33. Kf1 Rf5 34. Qd3 Qxd3 35. Rxd3 Bxb2 36. Nc3 a3 37. Na2 Rd8 38. d6 Rd7 39. R1d2 Rc5 40. f4 f5
41. Ke2 Kf6 42. h3 a5 43. Kf2 a4 44. h4 Rb5 45. Rd1 Rb3 46. R3d2 Kf7 47. Re2 Rb6 48. Red2 Bg7 49. h5 gxh5 50. Nc1 Rb2
51. Kf3 Rxd2 52. Rxd2 Bb2 53. Na2 Ke6 54. Rh2 Rxd6 55. Re2+ Kd5 56. Rd2+ Bd4
0-1

[Event "1900+ Master norm, 30+1"]
[Site "SchemingMind.com"]
[Date "2010.01.08"]
[Round "-"]
[White "Mitchell-in"]
[Black "Professor"]
[Result "0-1"]
[WhiteCountry "ENG"]
[BlackCountry "USA"]
[WhiteElo "1820"]
[WhiteRD "63"]
[BlackElo "2249"]
[BlackRD "105"]
[GameID "234029"]

1. e4 Nf6 2. Nc3 d5 3. exd5 Nxd5 4. Bc4 c6 5. Qf3 e6 6. d4 Nd7 7. Nge2 N7f6 8. O-O Be7 9. Re1 O-O 10. Bg5 Re8
11. Rad1 Qb6 12. Bb3 Qc7 13. Qg3 Qxg3 14. hxg3 h6 15. Nxd5 exd5 16. Bf4 Bf5 17. c3 Rad8 18. Bd2 Bh7 19. f3 Bd6 20. Kf2 Kf8
21. Bf4 a5 22. Bxd6+ Rxd6 23. a3 Rd7 24. Nc1 Rde7 25. Rxe7 Rxe7 26. Re1 Nd7 27. Rxe7 Kxe7 28. Ke3 b5 29. Nd3= Bxd3 30. Kxd3 a4
31. Bc2 Nb6 32. b3 axb3 33. Bxb3 h5 34. Ke3 Kf6 35. Kf4 g5+ 36. Ke3 Ke6 37. f4 Nc4+
0-1

[Event "1900+ Master norm, 30+1"]
[Site "SchemingMind.com"]
[Date "2010.01.08"]
[Round "-"]
[White "Darko"]
[Black "Professor"]
[Result "0-1"]
[WhiteCountry "ROU"]
[BlackCountry "USA"]
[WhiteElo "2076"]
[WhiteRD "71"]
[BlackElo "2288"]
[BlackRD "120"]
[GameID "234030"]

1. e4 Nf6 2. e5 Nd5 3. d4 d6 4. Nf3 c6 5. c4 Nc7 6. Nc3 dxe5 7. Nxe5 Nd7 8. Nf3 g6 9. Be2 Bg7 10. O-O O-O
11. Bf4 Ne6 12. Be3 Nf6 13. h3 Qd6 14. Qd2 Rd8 15. Rfd1 b6 16. Ne5 Bb7 17. Bf3 Qc7 18. Rac1 Ne8 19. Qe2 Bxe5 20. dxe5 Qxe5
21. Rxd8 Rxd8 22. Rd1 Nd6 23. Na4 Nf5 24. Rxd8+ Nxd8 25. Bd2 Qxe2 26. Bxe2 Nd4 27. Bd3 c5 28. Nc3 f5 29. f4 Kf7 30. Kf2 N8c6
31. g4 e5 32. gxf5 gxf5 33. fxe5 Nxe5 34. Bf1 Ke6 35. Bf4 Bc6 36. Ke3 a6 37. a4 Nc2+ 38. Kd2 Nb4 39. Be2 Bg2 40. h4 Nbc6
41. Be3 Na5 42. Bf4 Naxc4+
0-1

[Event "1900+ Master norm, 30+1"]
[Site "SchemingMind.com"]
[Date "2010.01.08"]
[Round "-"]
[White "baron1"]
[Black "Professor"]
[Result "1/2-1/2"]
[WhiteCountry "ENG"]
[BlackCountry "USA"]
[WhiteElo "2422"]
[WhiteRD "95"]
[BlackElo "2244"]
[BlackRD "128"]
[GameID "234031"]

1. c4 Nf6 2. Nc3 e6 3. d4 Bb4 4. e3 c5 5. Nf3 Nc6 6. Bd3 Bxc3+ 7. bxc3 d6 8. O-O O-O 9. Rb1 e5 10. d5 Ne7
11. e4 h6 12. Nh4 Ng6 13. Nxg6 fxg6 14. f4 b6 15. fxe5 dxe5 16. a4 a5 17. Be3 Bd7 18. Qc2 Rb8 19. Be2 Qe8 20. Ra1 Qe7
21. Rae1 g5 22. Bd1 g4 23. Bf2 Nh5 24. Qc1 Rf7 25. Be3 Rbf8 26. Rxf7 Rxf7 27. g3 Qe8 28. Qb1 Rf6 29. Bf2 Rd6 30. Bc2 Nf6
31. Qd1 Qg6 32. Qc1 Nh7 33. Be3 Rf6 34. Qd2 Qe8 35. Ra1 Rd6 36. Kh1 Nf6 37. Kg2 Qg6 38. Rf1 Qe8=
1/2-1/2

[Event "1900+ Master norm, 30+1"]
[Site "SchemingMind.com"]
[Date "2010.01.12"]
[Round "-"]
[White "Faloan"]
[Black "Mitchell-in"]
[Result "1-0"]
[WhiteCountry "GER"]
[BlackCountry "ENG"]
[WhiteElo "2148"]
[WhiteRD "85"]
[BlackElo "1790"]
[BlackRD "63"]
[GameID "234678"]

1. d4 Nf6 2. c4 c5 3. d5 b5 4. cxb5 a6 5. e3 g6 6. Nc3 Bg7 7. Nf3 O-O 8. Be2 d6 9. O-O Nbd7 10. e4 axb5
11. Bxb5 Bb7 12. Qc2 Qa5 13. Bd2 Qb6 14. Rfb1 Ba6 15. Bxa6 Rxa6 16. Ne2 Rfa8 17. a3 Ng4 18. Bc3 Nge5 19. Nd2 c4 20. Nxc4
1-0

[Event "1900+ Master norm, 30+1"]
[Site "SchemingMind.com"]
[Date "2010.01.11"]
[Round "-"]
[White "Faloan"]
[Black "Darko"]
[Result "1/2-1/2"]
[WhiteCountry "GER"]
[BlackCountry "ROU"]
[WhiteElo "2148"]
[WhiteRD "85"]
[BlackElo "2087"]
[BlackRD "75"]
[GameID "234679"]

1. d4 d5 2. c4 dxc4 3. e3 Be6 4. Nf3 c6 5. Qc2 Nf6 6. Bxc4 Bxc4 7. Qxc4 e6 8. O-O Qd5 9. Qc2 Qf5 10. Qb3 Qb5
11. Qd1 Nbd7 12. Nc3 Qa6 13. e4 Be7 14. h3 Rd8 15. Be3 Nb6 16. Qc2 Qa5 17. Rac1 O-O 18. Rfd1 h6 19. Ne5 Nfd7 20. Nd3 Nc4
21. Bf4 e5 22. Nxe5 Ndxe5 23. dxe5 Nxe5 24. Bg3 Ng6 25. Qb3 Qb4 26. Qxb4 Bxb4 27. Rxd8=
1/2-1/2

[Event "1900+ Master norm, 30+1"]
[Site "SchemingMind.com"]
[Date "2010.01.11"]
[Round "-"]
[White "Faloan"]
[Black "baron1"]
[Result "0-1"]
[WhiteCountry "GER"]
[BlackCountry "ENG"]
[WhiteElo "2148"]
[WhiteRD "85"]
[BlackElo "2422"]
[BlackRD "95"]
[GameID "234680"]

1. d4 d5 2. c4 c6 3. Nf3 e6 4. e3 Nf6 5. b3 Nbd7 6. Bb2 Bd6 7. Bd3 Ne4 8. O-O O-O 9. Qc2 f5 10. Ne5 Qc7
11. f4 Qa5 12. a3 Nxe5 13. fxe5 Be7 14. b4 Qd8 15. Nc3 Bg5 16. Qe2 Bd7 17. c5 Qe7 18. a4 Bh6 19. b5 Rab8 20. Bc2 Qg5
21. Rf3 Qg4 22. Bd1 b6 23. cxb6 Rxb6 24. Qe1 Nxc3 25. Bxc3 cxb5 26. axb5 Ra8 27. h3 Qe4 28. Qd2 Bxb5 29. Bc2 Qh4
0-1

[Event "1900+ Master norm, 30+1"]
[Site "SchemingMind.com"]
[Date "2010.01.11"]
[Round "-"]
[White "Faloan"]
[Black "Professor"]
[Result "1-0"]
[WhiteCountry "GER"]
[BlackCountry "USA"]
[WhiteElo "2203"]
[WhiteRD "83"]
[BlackElo "2249"]
[BlackRD "105"]
[GameID "234682"]

1. d4 Nf6 2. c4 e6 3. Nc3 Bb4 4. f3 c5 5. d5 d6 6. e4 Bxc3+ 7. bxc3 Qe7 8. Ne2 Nbd7 9. Ng3 b6 10. Be2 Nf8
11. O-O Ng6 12. f4 O-O 13. a4 Re8 14. Ra2 exd5 15. exd5 Qc7 16. Bd3 Bg4 17. Qc2 Bd7 18. h3 Bc8 19. Qd1 Nf8 20. Nh5 N8d7
21. Nxf6+ Nxf6 22. g4 Bd7 23. Qf3 Re7 24. g5 Ne8 25. f5 f6 26. h4 Rd8 27. h5 fxg5 28. Bxg5 Nf6 29. h6 Rf7 30. Rg2 Kh8
31. hxg7+
1-0

[Event "1900+ Master norm, 30+1"]
[Site "SchemingMind.com"]
[Date "2010.01.12"]
[Round "-"]
[White "Mitchell-in"]
[Black "Faloan"]
[Result "0-1"]
[WhiteCountry "ENG"]
[BlackCountry "GER"]
[WhiteElo "1790"]
[WhiteRD "63"]
[BlackElo "2148"]
[BlackRD "85"]
[GameID "234683"]

1. Nf3 f5 2. e4 fxe4 3. Ng5 Nc6 4. Nxe4 d5 5. Ng3 e5 6. Bb5 Nf6 7. d4 Bd6 8. dxe5 Bxe5 9. O-O O-O 10. Bg5 Bxb2
0-1

[Event "1900+ Master norm, 30+1"]
[Site "SchemingMind.com"]
[Date "2010.01.11"]
[Round "-"]
[White "Darko"]
[Black "Faloan"]
[Result "0-1"]
[WhiteCountry "ROU"]
[BlackCountry "GER"]
[WhiteElo "2076"]
[WhiteRD "71"]
[BlackElo "2157"]
[BlackRD "84"]
[GameID "234684"]

1. e4 d6 2. d4 Nf6 3. Nc3 g6 4. f4 Bg7 5. Nf3 O-O 6. Bd3 Na6 7. O-O c5 8. d5 Bg4 9. Bc4 Nc7 10. h3 Bxf3
11. Qxf3 a6 12. a4 Nd7 13. Qd3 Rb8 14. a5 b5 15. axb6 Nxb6 16. Bb3 Qd7 17. Nd1 e6 18. dxe6 fxe6 19. f5 gxf5 20. exf5 d5
21. fxe6 Qxe6 22. Qg3 Rxf1+ 23. Kxf1 Rf8+ 24. Kg1 c4 25. Ba2 Kh8 26. c3 Nd7 27. Be3 Nb5 28. Nf2 d4 29. Bd2 Qe2 30. Bc1 Be5
0-1

[Event "1900+ Master norm, 30+1"]
[Site "SchemingMind.com"]
[Date "2010.01.11"]
[Round "-"]
[White "baron1"]
[Black "Faloan"]
[Result "1-0"]
[WhiteCountry "ENG"]
[BlackCountry "GER"]
[WhiteElo "2422"]
[WhiteRD "95"]
[BlackElo "2148"]
[BlackRD "85"]
[GameID "234685"]

1. c4 c6 2. d4 d5 3. Nc3 dxc4 4. Nf3 Nf6 5. e3 b5 6. a4 b4 7. Na2 e6 8. Bxc4 Bb7 9. O-O Be7 10. b3 O-O
11. Bb2 Nbd7 12. Nc1 c5 13. Nd3 Rc8 14. Rc1 Qb6 15. Qe2 Rfd8 16. Rcd1 Ne4 17. Nfe5 Ndf6 18. dxc5 Nxc5 19. Nxc5 Bxc5 20. Rxd8+ Rxd8
21. Rc1 Rc8 22. Bb5 a6 23. Bd3 h6 24. h3 Kf8 25. Nc4 Qc6 26. Qf1 Qd5 27. Bxf6 gxf6 28. Rd1 Qg5 29. Na5 Bd5 30. Bc4
1-0

[Event "1900+ Master norm, 30+1"]
[Site "SchemingMind.com"]
[Date "2010.01.11"]
[Round "-"]
[White "Professor"]
[Black "Faloan"]
[Result "1/2-1/2"]
[WhiteCountry "USA"]
[BlackCountry "GER"]
[WhiteElo "2249"]
[WhiteRD "105"]
[BlackElo "2203"]
[BlackRD "83"]
[GameID "234687"]

1. d4 d5 2. c4 c6 3. Nf3 Nf6 4. Nc3 dxc4 5. a4 Bf5 6. e3 e6 7. Bxc4 Bb4 8. O-O O-O 9. Qe2 Bg4 10. h3 Bh5
11. Rd1 Nbd7 12. e4 Qc7 13. Bd2 e5 14. d5 Bxc3 15. Bxc3 cxd5 16. Bxd5 Nxd5 17. Rxd5 f6 18. a5 Bf7 19. Rdd1 Nc5 20. Bb4 Rfd8
21. Rdc1 b6 22. Rc3 Rac8 23. Rac1 Qd6 24. Ba3 Rc7 25. Ne1 Rdc8 26. Nd3 Qd4 27. Nxc5 bxc5 28. Qc2 Bg6 29. Rc4 Qd7 30. Bxc5 Qb5
31. b4 Bf7 32. Rc3 a6 33. Rd1 h6 34. Rd6 Rc6 35. Rxc6 Rxc6 36. Qd1 Kh7 37. Rg3 Rc7 38. Qg4 Be8 39. Qf5+ Kh8 40. f4 exf4
41. Qxf4 Rf7 42. Kh2 Qb7 43. e5 fxe5 44. Qxe5 Bb5 45. Bd4 Kh7 46. Qe6 Qc7 47. Qg6+ Kg8 48. Be3 Rf6 49. Qxf6 Qxg3+ 50. Kxg3 gxf6
51. Bxh6 Kh7 52. Bd2 Kg6 53. Kf4 f5 54. Bc3=
1/2-1/2